[Event "Galego-ch U14"]
[Site "Ferrol"]
[Date "2018.02.11"]
[Round "3"]
[White "Conde Riveiro, Xacobe"]
[Black "Santos Rodriguez, Marcos"]
[Result "1-0"]
[WhiteElo "1578"]
[BlackElo "1420"]
[PlyCount "123"]
[EventDate "2018.02.10"]
[EventType "swiss"]
[EventRounds "8"]
[EventCountry "ESP"]
[SourceTitle "EXT 2024"]
[Source "ChessBase"]
[SourceDate "2023.10.10"]
[SourceVersion "1"]
[SourceVersionDate "2023.10.10"]
[SourceQuality "1"]

1. e4 c5 2. d4 cxd4 3. c3 dxc3 4. Nxc3 e6 5. Nf3 a6 6. Bc4 Ne7 7. 0-0 Ng6 8. Qe2 Be7 9. Rd1 b5 10. Bb3 Nc6 11. Be3 0-0 12. Rac1 Bb7 13. Qd2 d6 14. a4 b4 15. Na2 a5 16. Qe2 Qd7 17. Bb6 Rfb8 18. Qd2 Ba6 19. Bc5 Rd8 20. Qc2 Rac8 21. Qd2 Qb7 22. Be3 Nge5 23. Ng5 Bxg5 24. Bxg5 Rd7 25. Qe3 Ng6 26. f4 h6 27. f5 Nf8 28. Bxh6 gxh6 29. Qxh6 Nh7 30. f6 Nxf6 31. Qxf6 Ne5 32. Bc2 b3 33. h4 bxc2 34. Re1 Qxb2 35. h5 Qd4+ 36. Kh1 Kf8 37. h6 Qd2 38. h7 Ng6 39. Qxg6 fxg6 40. h8Q+ Ke7 41. Qg7+ Kd8 42. Qxg6 Kc7 43. Rxc2+ Qxc2 44. Rc1 Qxc1+ 45. Nxc1 Kb7 46. Nb3 Rc3 47. Qxe6 Rh7+ 48. Kg1 Kc7 49. Qf5 Rxb3 50. Qxh7+ Kc6 51. Qa7 Rb6 52. Qa8+ Kc7 53. Qg8 Bd3 54. Qg7+ Kb8 55. Qd4 Rb1+ 56. Kh2 Bxe4 57. Qxe4 Rb4 58. Qc6 Rb7 59. Qxd6+ Ka7 60. g4 Rb2+ 61. Kh3 Rb3+ 62. Kh4 1-0